000 00333 a2200157 4500
001 185694
020 _a858674033-0
040 _cMagnum
100 _aVeneza, MaurĂ­cio
240 1 0 _aA princesa e o sapo
_lpor
245 1 0 _aA princesa e o sapo
300 _a12
362 0 _a1999
697 _aLITERATURA INFANTIL
942 _cBK
999 _c185694
_d185694